AI - Trí tuệ nhân tạo : 101 điều cần biết về tương lai
Nội dung sách trình bày tổng quát về trí tuệ nhân tạo (AI) và khám phá cách AI chuyển hoá nhiều ngành nghề như: Thay đổi các phương pháp kinh doanh, thực hiện hội thoại thông qua văn bản hoặc âm thanh, thay đổi thị trường việc làm, thay đổi h...
Tallennettuna:
| Päätekijä: | |
|---|---|
| Muut tekijät: | |
| Aineistotyyppi: | Kirja |
| Kieli: | Vietnamese |
| Julkaistu: |
H.
Kim Đồng
2024
|
| Aiheet: | |
| Tagit: |
Lisää tagi
Ei tageja, Lisää ensimmäinen tagi!
|
| Thư viện lưu trữ: | Thư viện Trường Đại học Nam Cần Thơ |
|---|
| LEADER | 01922nam a22002537a 4500 | ||
|---|---|---|---|
| 001 | NCT_4_016392 | ||
| 008 | 250116b xxu||||| |||| 00| 0 vie d | ||
| 999 | |c 8782 |d 8782 | ||
| 020 | |a 9786042321044 |c 112000 | ||
| 082 | 0 | 4 | |2 23rd ed. |a 006.3 |b R852 |
| 100 | 1 | |a Rouhiainen, Lasse | |
| 245 | 1 | 0 | |a AI - Trí tuệ nhân tạo : |b 101 điều cần biết về tương lai |c Lasse Rouhiainen ; Trang Rose (Dịch) |
| 260 | |a H. |b Kim Đồng |c 2024 | ||
| 300 | |a 306 tr. |b Minh hoạ |c 23 cm | ||
| 520 | 3 | |a Nội dung sách trình bày tổng quát về trí tuệ nhân tạo (AI) và khám phá cách AI chuyển hoá nhiều ngành nghề như: Thay đổi các phương pháp kinh doanh, thực hiện hội thoại thông qua văn bản hoặc âm thanh, thay đổi thị trường việc làm, thay đổi hệ thống giao thông... và những câu hỏi thường gặp về trí tuệ nhân tạo. | |
| 653 | |a Truyền thông đa phương tiện | ||
| 700 | 0 | |a Trang Rose |e Dịch | |
| 942 | |2 ddc |c BK | ||
| 952 | |0 0 |1 0 |2 ddc |4 0 |6 006_300000000000000_R852 |7 0 |9 30185 |a 000001 |b 000001 |d 2025-01-18 |o 006.3 R852 |p MD.23195 |r 2025-01-18 |v 112000.00 |w 2025-01-18 |y BK | ||
| 952 | |0 0 |1 0 |2 ddc |4 0 |6 006_300000000000000_R852 |7 0 |9 30186 |a 000001 |b 000001 |d 2025-01-18 |o 006.3 R852 |p MD.23196 |r 2025-01-18 |v 112000.00 |w 2025-01-18 |y BK | ||
| 952 | |0 0 |1 0 |2 ddc |4 0 |6 006_300000000000000_R852 |7 0 |9 30187 |a 000001 |b 000001 |d 2025-01-18 |o 006.3 R852 |p MD.23197 |r 2025-01-18 |v 112000.00 |w 2025-01-18 |y BK | ||
| 952 | |0 0 |1 0 |2 ddc |4 0 |6 006_300000000000000_R852 |7 0 |9 30188 |a 000001 |b 000001 |d 2025-01-18 |o 006.3 R852 |p MD.23198 |r 2025-01-18 |v 112000.00 |w 2025-01-18 |y BK | ||
| 952 | |0 0 |1 0 |2 ddc |4 0 |6 006_300000000000000_R852 |7 0 |9 30189 |a 000001 |b 000001 |d 2025-01-18 |o 006.3 R852 |p MD.23199 |r 2025-01-18 |v 112000.00 |w 2025-01-18 |y BK | ||
| 980 | |a Thư viện Trường Đại học Nam Cần Thơ | ||


